Multicultural education and the Internet: intersections and integrations

Saved in:
Bibliografiske detaljer
Hovedforfatter: Gorski, Paul C (Author)
Format: Bog
Sprog:engelsk
Udgivet: Boston McGraw-Hill 2001
Fag:
Tags: Tilføj Tag
Ingen Tags, Vær først til at tagge denne postø!

MARC

LEADER 00000nam a2200000 a 4500
001 UCK6067
003 CL-VaPUC
008 050902e20010000US |||||||||||||||||eng|d
020 |a 0072421029 
082 0 4 |a 370.117  |b GOR  |2 21 
100 0 |a Gorski, Paul C  |e author  |9 495174 
245 1 0 |a Multicultural education and the Internet: intersections and integrations 
300 |a 161 p 
942 |c BK 
945 |d 20050902 00:00:00  |a jcarroza 
260 |a Boston  |b McGraw-Hill  |c 2001 
650 0 |a Educación multicultural  |9 468257 
650 0 |a Internet   |9 254823 
650 0 |a Educación  |9 258661 
583 |a last modification  |c 20050902 00:00:00  |k Rodrigo Vera 
999 |c 314462  |d 314460 
952 |0 0  |1 0  |4 0  |6 370_117000000000000_GOR_2001  |7 0  |8 A  |9 386730  |a BIBEDU  |b BIBEDU  |d 2019-11-22  |i 4159683  |o 370.117 GOR 2001  |p 4159683  |r 2019-11-22  |w 2019-11-22  |y BK  |k PSI 
952 |0 0  |1 0  |4 0  |6 370_117000000000000_GOR_2001  |7 0  |8 A  |9 386731  |a BIBEDU  |b BIBEDU  |d 2019-11-22  |i 4159675  |o 370.117 GOR 2001  |p 4159675  |r 2019-11-22  |w 2019-11-22  |y BK  |k PSI